Technological innovation, regulation, and the monetary economy
The topics covered at the conference were diverse, ranging from the measurement and impact of technological innovation in financial sevices on regulation to related issues of monetary policy and macroeconomic theory.
שמור ב:
| פורמט: | ספר |
|---|---|
| שפה: | Undetermined |
| יצא לאור: |
Cambridge
Ballinger Publishing Company
1986
|
| נושאים: | |
| תגים: |
הוספת תג
אין תגיות, היה/י הראשונ/ה לתייג את הרשומה!
|
| Thư viện lưu trữ: | Trung tâm Học liệu Trường Đại học Cần Thơ |
|---|
| LEADER | 00822nam a2200193Ia 4500 | ||
|---|---|---|---|
| 001 | CTU_221846 | ||
| 008 | 210402s9999 xx 000 0 und d | ||
| 082 | |a 332.10973 | ||
| 082 | |b T255 | ||
| 245 | 0 | |a Technological innovation, regulation, and the monetary economy | |
| 245 | 0 | |c Edited by Colin Lawrence, Robert P. Shay | |
| 260 | |a Cambridge | ||
| 260 | |b Ballinger Publishing Company | ||
| 260 | |c 1986 | ||
| 520 | |a The topics covered at the conference were diverse, ranging from the measurement and impact of technological innovation in financial sevices on regulation to related issues of monetary policy and macroeconomic theory. | ||
| 650 | |a Ngân hàng và ngân hàng,Banks and banking | ||
| 650 | |z Hoa Kỳ,United States | ||
| 904 | |i Trúc | ||
| 980 | |a Trung tâm Học liệu Trường Đại học Cần Thơ | ||